[Event "Moscow Open F"]
[Site "?"]
[Date "2017.02.01"]
[Round "6.20"]
[White "Shmelev, Dmitriy"]
[Black "Aleev, Aleksandr"]
[Result "1/2-1/2"]
[BlackElo "1960"]
[WhiteElo "2128"]
[LiveChessVersion "1.4.8"]

1. b3 {[%clk 1:30:55]} d5 {[%clk 1:30:47]} 2. Bb2 {[%clk 1:31:19]} Nf6
{[%clk 1:31:10]} 3. Nf3 {[%clk 1:31:29]} c5 {[%clk 1:31:06]} 4. e3
{[%clk 1:31:52]} Nc6 {[%clk 1:31:30]} 5. Bb5 {[%clk 1:32:13]} Bg4
{[%clk 1:31:48]} 6. h3 {[%clk 1:32:00]} Bxf3 {[%clk 1:32:14]} 7. Qxf3
{[%clk 1:32:13]} a6 {[%clk 1:32:39]} 8. Bxc6+ {[%clk 1:32:28]} bxc6
{[%clk 1:33:07]} 9. d3 {[%clk 1:31:16]} Nd7 {[%clk 1:33:04]} 10. O-O
{[%clk 1:31:13]} e6 {[%clk 1:32:59]} 11. c4 {[%clk 1:29:42]} Qg5 {[%clk 1:32:48]}
12. Nc3 {[%clk 1:23:50]} Bd6 {[%clk 1:32:39]} 13. Na4 {[%clk 1:23:56]} h5
{[%clk 1:32:29]} 14. Qe2 {[%clk 1:22:15]} Rh6 {[%clk 1:30:45]} 15. f4
{[%clk 1:17:39]} Qh4 {[%clk 1:26:00]} 16. Qf2 {[%clk 1:17:04]} Qxf2+
{[%clk 1:25:48]} 17. Rxf2 {[%clk 1:17:14]} Rg6 {[%clk 1:24:24]} 18. Raf1
{[%clk 1:14:36]} f5 {[%clk 1:24:47]} 19. Rf3 {[%clk 1:10:06]} h4 {[%clk 1:24:28]}
20. Ba3 {[%clk 0:58:51]} Ke7 {[%clk 1:24:19]} 21. Rc1 {[%clk 0:53:17]} d4
{[%clk 1:24:23]} 22. exd4 {[%clk 0:32:14]} cxd4 {[%clk 1:24:28]} 23. c5
{[%clk 0:32:17]} Bc7 {[%clk 1:24:50]} 24. Bb2 {[%clk 0:31:54]} Rg3
{[%clk 1:24:48]} 25. Rcf1 {[%clk 0:28:47]} g5 {[%clk 1:24:34]} 26. fxg5
{[%clk 0:19:55]} Rxg5 {[%clk 1:22:52]} 27. Bxd4 {[%clk 0:19:49]} Rag8
{[%clk 1:23:19]} 28. R1f2 {[%clk 0:11:07]} Ne5 {[%clk 1:21:55]} 29. Bxe5
{[%clk 0:09:47]} Bxe5 {[%clk 1:22:22]} 30. Re2 {[%clk 0:10:07]} Bd4+
{[%clk 1:22:00]} 31. Kf1 {[%clk 0:10:23]} Kf6 {[%clk 1:20:20]} 32. Nb6
{[%clk 0:09:28]} R8g7 {[%clk 1:19:52]} 33. b4 {[%clk 0:08:50]} Rg3
{[%clk 1:13:59]} 34. Rxg3 {[%clk 0:08:47]} hxg3 {[%clk 1:14:02]} 35. Nc4
{[%clk 0:08:11]} e5 {[%clk 1:10:33]} 36. a3 {[%clk 0:08:16]} Ke6 {[%clk 1:09:40]}
37. Nxe5 {[%clk 0:07:46]} Bxe5 {[%clk 1:08:53]} 38. d4 {[%clk 0:08:12]} Rd7
{[%clk 1:09:18]} 39. Rxe5+ {[%clk 0:07:22]} Kf6 {[%clk 1:09:46]} 40. Re3
{[%clk 0:07:43]} f4 {[%clk 1:09:18]} 41. Rd3 {[%clk 0:08:06]} Kf5
{[%clk 1:09:43]} 42. Ke2 {[%clk 0:08:15]} Ke4 {[%clk 1:10:04]} 43. a4
{[%clk 0:02:14]} Rb7 {[%clk 1:07:45]} 44. Rb3 {[%clk 0:02:31]} Rb8
{[%clk 1:07:49]} 45. d5 {[%clk 0:00:57]} Kxd5 {[%clk 1:08:03]} 46. Kf3
{[%clk 0:01:22]} Ke5 {[%clk 1:08:29]} 47. Rb2 {[%clk 0:01:33]} Kf5
{[%clk 1:08:21]} 48. h4 {[%clk 0:01:06]} Re8 {[%clk 1:07:49]} 49. Re2
{[%clk 0:00:49]} Rd8 {[%clk 1:08:17]} 50. Rb2 {[%clk 0:00:36]} Re8
{[%clk 1:06:51]} 51. Re2 {[%clk 0:00:56]} Rd8 52. Ke4+ Ke5+ 1/2-1/2

[Event "Moscow Open F"]
[Site "?"]
[Date "2017.02.01"]
[Round "6.21"]
[White "Pavlova, Natalia"]
[Black "Barash, Mikhail"]
[Result "0-1"]
[BlackElo "2117"]
[WhiteElo "1969"]
[LiveChessVersion "1.4.8"]

1. e4 {[%clk 1:30:58]} c5 {[%clk 1:29:07]} 2. Nf3 {[%clk 1:31:22]} d6
{[%clk 1:29:17]} 3. d4 {[%clk 1:31:43]} cxd4 {[%clk 1:29:42]} 4. Qxd4
{[%clk 1:32:04]} Nc6 {[%clk 1:28:39]} 5. Bb5 {[%clk 1:32:26]} e5 {[%clk 1:28:05]}
6. Qd3 {[%clk 1:30:59]} Nf6 {[%clk 1:27:32]} 7. Bxc6+ {[%clk 1:22:01]} bxc6
{[%clk 1:27:20]} 8. c4 {[%clk 1:21:31]} Qc7 {[%clk 1:24:37]} 9. Nc3
{[%clk 1:20:46]} Be7 {[%clk 1:22:28]} 10. O-O {[%clk 1:21:02]} O-O
{[%clk 1:22:35]} 11. b3 {[%clk 1:13:09]} a5 {[%clk 1:16:58]} 12. Rd1
{[%clk 1:07:49]} Bb7 {[%clk 1:08:00]} 13. Nh4 {[%clk 0:55:15]} d5
{[%clk 0:59:29]} 14. Nf5 {[%clk 0:45:21]} d4 {[%clk 0:55:03]} 15. Bh6
{[%clk 0:37:17]} Ne8 {[%clk 0:46:52]} 16. Qg3 {[%clk 0:29:28]} Bf6
{[%clk 0:45:50]} 17. Na4 {[%clk 0:29:13]} Kh8 {[%clk 0:35:40]} 18. Bc1
{[%clk 0:25:12]} c5 {[%clk 0:33:25]} 19. Qg4 {[%clk 0:23:56]} Nd6
{[%clk 0:33:04]} 20. Ng3 {[%clk 0:21:15]} Bc8 {[%clk 0:29:22]} 21. Qe2
{[%clk 0:20:18]} Bd7 {[%clk 0:29:01]} 22. Nh5 {[%clk 0:12:11]} Be7
{[%clk 0:28:35]} 23. Rd3 {[%clk 0:05:30]} f5 {[%clk 0:25:39]} 24. exf5
{[%clk 0:01:58]} e4 {[%clk 0:22:25]} 25. Qg4 {[%clk 0:00:49]} Rf7
{[%clk 0:21:14]} 26. Bh6 {[%clk 0:00:35]} gxh6 {[%clk 0:20:00]} 27. Rg3
{[%clk 0:01:01]} Nxf5 {[%clk 0:17:24]} 28. Qxe4 {[%clk 0:01:28]} Nxg3
{[%clk 0:15:27]} 29. Qxa8+ {[%clk 0:01:52]} Rf8 {[%clk 0:15:17]} 30. Qd5
{[%clk 0:02:05]} Bc6 {[%clk 0:14:57]} 31. Qe6 {[%clk 0:01:16]} Nxh5
{[%clk 0:15:12]} 0-1

[Event "Moscow Open F"]
[Site "?"]
[Date "2017.02.02"]
[Round "7.1"]
[White "Kezin, Roman"]
[Black "Lugovskoy, Maxim"]
[Result "1-0"]
[BlackElo "2425"]
[WhiteElo "2439"]
[LiveChessVersion "1.4.8"]

1. d4 {[%clk 1:24:43]} d5 {[%clk 1:29:46]} 2. c4 {[%clk 1:25:07]} e6
{[%clk 1:30:11]} 3. Nf3 {[%clk 1:25:33]} Nf6 {[%clk 1:30:09]} 4. g3
{[%clk 1:25:57]} dxc4 {[%clk 1:30:24]} 5. Bg2 {[%clk 1:26:23]} a6
{[%clk 1:30:47]} 6. O-O {[%clk 1:25:49]} Nc6 {[%clk 1:31:14]} 7. Nc3
{[%clk 1:26:09]} Rb8 {[%clk 1:31:00]} 8. e4 {[%clk 1:26:26]} Be7 {[%clk 1:31:27]}
9. Qe2 {[%clk 1:26:17]} Nxd4 {[%clk 1:20:21]} 10. Nxd4 {[%clk 1:26:28]} Qxd4
{[%clk 1:20:47]} 11. Rd1 {[%clk 1:26:42]} Qc5 {[%clk 1:15:47]} 12. e5
{[%clk 1:17:33]} Nd7 {[%clk 1:14:24]} 13. Ne4 {[%clk 1:12:47]} Qxe5
{[%clk 1:07:25]} 14. Bf4 {[%clk 1:13:09]} Qa5 {[%clk 1:04:47]} 15. Qxc4
{[%clk 1:13:26]} Bd8 {[%clk 0:59:10]} 16. Bd6 {[%clk 0:38:17]} Ra8
{[%clk 0:20:34]} 17. Rac1 {[%clk 0:27:58]} Qb5 {[%clk 0:11:03]} 18. Qc3
{[%clk 0:20:56]} Nf6 {[%clk 0:08:18]} 19. Nxf6+ {[%clk 0:03:24]} gxf6
{[%clk 0:07:57]} 20. Bc5 {[%clk 0:01:46]} Bd7 {[%clk 0:06:33]} 21. a4
{[%clk 0:01:55]} Qxa4 {[%clk 0:04:48]} 22. Rd4 {[%clk 0:02:24]} Qb5
{[%clk 0:03:34]} 23. Rcd1 {[%clk 0:02:52]} Bc6 {[%clk 0:02:06]} 24. Bf1
{[%clk 0:03:20]} 1-0

[Event "Moscow Open F"]
[Site "?"]
[Date "2017.02.02"]
[Round "7.2"]
[White "Vakhlamov, Igor L."]
[Black "Vaseptsov, Maxim"]
[Result "1-0"]
[BlackElo "2348"]
[WhiteElo "2405"]
[LiveChessVersion "1.4.8"]

1. c4 b6 2. Nc3 Bb7 3. d4 Nf6 4. Qc2 d5 5. cxd5 Nxd5 6. e4 Nxc3 7. bxc3 e5 8. Nf3
exd4 9. Bc4 Nd7 10. O-O d3 11. Qxd3 Qe7 12. Rd1 O-O-O 13. Ng5 Ne5 14. Qxd8+ Qxd8
15. Rxd8+ Kxd8 16. Bxf7 h6 17. Bf4 Bd6 18. Rd1 Nd7 19. Bxd6 cxd6 20. Nh3 Bxe4 21.
Rxd6 Bf5 22. Be6 Ke7 23. Rxd7+ Kxe6 24. Rxa7 Rd8 25. f3 Rd2 26. Nf2 g5 27. Ra4
Rc2 28. g4 Bg6 29. Rb4 Rxc3 30. Rxb6+ Kf7 31. Rb3 Rc2 32. a3 Ra2 33. Re3 Kf6 34.
Kg2 Bf7 35. Kg3 Bc4 36. Rc3 Bd5 37. Nd3 Ra1 38. Nb4 Be6 39. h4 Rg1+ 40. Kf2 Rh1
41. h5 Ke5 42. Rc5+ Kd4 43. Rc6 Ke5 44. Nd3+ Kd5 45. Ra6 Ra1 46. Ke3 Bc8 47. Rxh6
Rxa3 48. Rg6 Be6 49. Rxg5+ Kd6 50. Rg6 Ke7 51. Kd4 Ra4+ 52. Ke5 Bf7 53. Rb6 Ra3
54. Rb7+ Ke8 55. h6 1-0

[Event "Moscow Open F"]
[Site "?"]
[Date "2017.02.02"]
[Round "7.3"]
[White "Shapkin, Anatoliy"]
[Black "Tekeyev, Zaur"]
[Result "0-1"]
[BlackElo "2357"]
[WhiteElo "2266"]
[LiveChessVersion "1.4.8"]

1. d4 d6 2. e4 Nf6 3. Nc3 c6 4. a4 e5 5. Nf3 Nbd7 6. Bc4 Be7 7. O-O O-O 8. Re1
Qc7 9. h3 h6 10. a5 Rb8 11. d5 b5 12. axb6 Nxb6 13. Bb3 cxd5 14. exd5 a6 15. Qd3
Nfd7 16. Qe2 Bb7 17. Ne4 Nxd5 18. Ng3 Nc5 19. Bc4 Kh8 20. Nh2 Ne6 21. Bxd5 Bxd5
22. Nf5 Bg5 23. Bxg5 Nxg5 24. Qxa6 Rb6 25. Qd3 Qb7 26. Ne3 Be4 27. Qd2 Rd8 28. h4
Ne6 29. Nc4 Bxg2 30. Nxb6 Nf4 31. f3 Qxb6+ 32. Qe3 Qxb2 33. Rac1 Rc8 34. Qd2 Qb6+
35. Qe3 Qd8 36. Red1 Qxh4 37. Qe1 Qg5 38. Kf2 Nh3+ 39. Ke2 Qf4 0-1

[Event "Moscow Open F"]
[Site "?"]
[Date "2017.02.02"]
[Round "7.4"]
[White "Platonov, Dmitriy"]
[Black "Bernadskiy, Vitaliy"]
[Result "0-1"]
[BlackElo "2540"]
[WhiteElo "2109"]
[LiveChessVersion "1.4.8"]

1. d4 {[%clk 1:30:56]} Nf6 {[%clk 1:21:15]} 2. c4 {[%clk 1:31:18]} d6
{[%clk 1:21:02]} 3. Nc3 {[%clk 1:31:36]} Nbd7 {[%clk 1:21:04]} 4. e4
{[%clk 1:31:53]} e5 {[%clk 1:21:31]} 5. Nge2 {[%clk 1:30:26]} g6 {[%clk 1:21:04]}
6. f3 {[%clk 1:29:56]} Bg7 {[%clk 1:12:39]} 7. Be3 {[%clk 1:30:11]} exd4
{[%clk 1:11:52]} 8. Nxd4 {[%clk 1:30:26]} O-O {[%clk 1:12:05]} 9. Be2
{[%clk 1:30:49]} a6 {[%clk 1:12:00]} 10. O-O {[%clk 1:31:08]} Ne5
{[%clk 1:12:09]} 11. Rc1 {[%clk 1:30:37]} c5 {[%clk 1:11:28]} 12. Nc2
{[%clk 1:18:14]} Be6 {[%clk 1:08:22]} 13. Nd5 {[%clk 1:13:15]} Nxd5
{[%clk 1:04:50]} 14. cxd5 {[%clk 1:02:01]} Bc8 {[%clk 1:04:50]} 15. b4
{[%clk 1:01:56]} cxb4 {[%clk 0:59:52]} 16. Nxb4 {[%clk 1:02:15]} f5
{[%clk 0:59:49]} 17. exf5 {[%clk 0:47:41]} Bxf5 {[%clk 0:59:04]} 18. f4
{[%clk 0:39:35]} Nd7 {[%clk 0:58:13]} 19. Bd4 {[%clk 0:33:55]} Re8
{[%clk 0:55:28]} 20. Bxg7 {[%clk 0:33:27]} Kxg7 {[%clk 0:55:49]} 21. Qd4+
{[%clk 0:32:45]} Qf6 {[%clk 0:55:50]} 22. Qxf6+ {[%clk 0:30:33]} Kxf6
{[%clk 0:55:40]} 23. Bf3 {[%clk 0:29:10]} Nc5 {[%clk 0:54:15]} 24. Rc3
{[%clk 0:21:57]} a5 {[%clk 0:49:15]} 25. Nc2 {[%clk 0:22:12]} b5 {[%clk 0:49:32]}
26. Nd4 {[%clk 0:19:25]} b4 {[%clk 0:49:10]} 27. Rcc1 {[%clk 0:19:45]} a4
{[%clk 0:49:05]} 28. Nb5 {[%clk 0:15:11]} Red8 {[%clk 0:37:16]} 29. Nxd6
{[%clk 0:12:59]} Rxd6 {[%clk 0:35:45]} 30. Rxc5 {[%clk 0:13:20]} b3
{[%clk 0:34:08]} 31. axb3 {[%clk 0:09:27]} axb3 {[%clk 0:34:33]} 32. Rb5
{[%clk 0:08:58]} Bc2 {[%clk 0:34:51]} 33. Re1 {[%clk 0:06:06]} Raa6
{[%clk 0:33:04]} 34. Kf2 {[%clk 0:05:18]} Rdb6 {[%clk 0:24:34]} 35. Re6+
{[%clk 0:04:58]} Rxe6 {[%clk 0:24:58]} 36. dxe6 {[%clk 0:05:21]} Ra2
{[%clk 0:24:54]} 37. Ke3 {[%clk 0:01:44]} b2 {[%clk 0:25:06]} 38. e7
{[%clk 0:01:49]} Kxe7 {[%clk 0:25:08]} 39. Rb7+ {[%clk 0:02:05]} Kd6
{[%clk 0:24:30]} 40. Be4 {[%clk 0:02:08]} Ra3+ {[%clk 0:22:18]} 41. Kd4
{[%clk 0:01:33]} Ra4+ {[%clk 0:22:43]} 42. Kc3 {[%clk 0:01:58]} Bxe4
{[%clk 0:23:05]} 43. Rxb2 {[%clk 0:02:21]} Bd5 {[%clk 0:23:21]} 44. g3
{[%clk 0:02:35]} Kc5 {[%clk 0:23:24]} 45. Kd3 {[%clk 0:02:49]} Ra3+
{[%clk 0:23:35]} 46. Ke2 {[%clk 0:03:07]} Kd4 {[%clk 0:21:52]} 47. Rb4+
{[%clk 0:02:35]} Bc4+ {[%clk 0:22:16]} 48. Kf2 {[%clk 0:02:56]} Rc3
{[%clk 0:22:42]} 49. Rb7 {[%clk 0:03:01]} Rc2+ {[%clk 0:23:05]} 50. Kg1
{[%clk 0:03:19]} Bd5 {[%clk 0:22:47]} 51. Rxh7 {[%clk 0:03:28]} Ke5 0-1

[Event "Moscow Open F"]
[Site "?"]
[Date "2017.02.02"]
[Round "7.5"]
[White "Nikologorskiy, Konstantin"]
[Black "Samusenko, Maksim"]
[Result "1-0"]
[BlackElo "2333"]
[WhiteElo "2416"]
[LiveChessVersion "1.4.8"]

1. d4 {[%clk 1:29:59]} Nf6 {[%clk 1:30:46]} 2. c4 {[%clk 1:30:06]} g6
{[%clk 1:31:07]} 3. Nc3 {[%clk 1:30:24]} Bg7 {[%clk 1:31:24]} 4. e4
{[%clk 1:30:48]} d6 {[%clk 1:31:42]} 5. Nf3 {[%clk 1:31:13]} O-O {[%clk 1:31:58]}
6. h3 {[%clk 1:31:39]} c6 {[%clk 1:31:34]} 7. Be3 {[%clk 1:25:51]} Na6
{[%clk 1:30:59]} 8. Qd2 {[%clk 1:17:09]} e5 {[%clk 1:22:19]} 9. O-O-O
{[%clk 1:13:46]} exd4 {[%clk 1:12:50]} 10. Bxd4 {[%clk 1:08:23]} Re8
{[%clk 1:08:25]} 11. Bd3 {[%clk 1:02:30]} Nc5 {[%clk 0:50:37]} 12. Rhe1
{[%clk 1:02:24]} Qa5 {[%clk 0:48:00]} 13. g4 {[%clk 1:00:26]} Ne6
{[%clk 0:37:13]} 14. Be3 {[%clk 1:00:26]} b5 {[%clk 0:26:45]} 15. cxb5
{[%clk 0:51:55]} cxb5 {[%clk 0:26:58]} 16. Bxb5 {[%clk 0:51:51]} Nxe4
{[%clk 0:24:06]} 17. Nxe4 {[%clk 0:46:44]} Qxb5 {[%clk 0:24:27]} 18. Nxd6
{[%clk 0:46:04]} Qc6+ {[%clk 0:18:32]} 19. Qc2 {[%clk 0:46:28]} Qxf3
{[%clk 0:14:07]} 20. Nxe8 {[%clk 0:46:49]} Ba6 {[%clk 0:06:16]} 21. Nxg7
{[%clk 0:45:35]} Rc8 {[%clk 0:06:41]} 22. Qxc8+ {[%clk 0:45:58]} Bxc8
{[%clk 0:07:07]} 23. Nxe6 {[%clk 0:46:23]} Bxe6 {[%clk 0:07:33]} 24. Bd4
{[%clk 0:28:10]} Qc6+ {[%clk 0:03:03]} 25. Bc3 {[%clk 0:28:39]} f6
{[%clk 0:03:24]} 26. Re3 {[%clk 0:22:08]} g5 {[%clk 0:03:06]} 27. b3
{[%clk 0:19:10]} Kf7 {[%clk 0:02:50]} 28. Kb2 {[%clk 0:18:45]} Kg6
{[%clk 0:02:06]} 29. Rd8 {[%clk 0:16:37]} Bf7 {[%clk 0:01:37]} 30. Re7
{[%clk 0:14:38]} Qc5 {[%clk 0:00:59]} 31. Rdd7 {[%clk 0:14:04]} Qxf2+
{[%clk 0:01:07]} 32. Bd2 {[%clk 0:14:30]} Qg3 {[%clk 0:00:44]} 33. Rxf7
{[%clk 0:14:53]} Qe5+ {[%clk 0:01:10]} 34. Bc3 {[%clk 0:15:11]} 1-0

[Event "Moscow Open F"]
[Site "?"]
[Date "2017.02.02"]
[Round "7.6"]
[White "Nasybullina, Alfia"]
[Black "Mokshanov, Alexey"]
[Result "0-1"]
[BlackElo "2413"]
[WhiteElo "2219"]
[LiveChessVersion "1.4.8"]

1. d4 {[%clk 1:21:42]} d5 {[%clk 1:25:58]} 2. c4 {[%clk 1:21:46]} e6
{[%clk 1:26:04]} 3. Nc3 {[%clk 1:22:09]} c6 {[%clk 1:26:29]} 4. e4
{[%clk 1:22:32]} dxe4 {[%clk 1:26:53]} 5. Nxe4 {[%clk 1:22:56]} Bb4+
{[%clk 1:27:20]} 6. Bd2 {[%clk 1:22:02]} Qxd4 {[%clk 1:27:23]} 7. Bxb4
{[%clk 1:22:20]} Qxe4+ {[%clk 1:27:50]} 8. Ne2 {[%clk 1:22:24]} Na6
{[%clk 1:26:03]} 9. Bf8 {[%clk 1:21:39]} Ne7 {[%clk 1:23:10]} 10. Bxg7
{[%clk 1:21:03]} Nb4 {[%clk 1:20:45]} 11. Qd6 {[%clk 1:21:18]} Nd3+
{[%clk 1:17:47]} 12. Kd2 {[%clk 1:20:23]} Nf5 {[%clk 1:18:05]} 13. Qxd3
{[%clk 1:17:02]} Qxd3+ {[%clk 1:18:31]} 14. Kxd3 {[%clk 1:17:23]} Nxg7
{[%clk 1:19:00]} 15. f4 {[%clk 1:16:24]} c5 {[%clk 1:18:04]} 16. g3
{[%clk 1:15:46]} b6 {[%clk 1:18:11]} 17. Bg2 {[%clk 1:15:59]} Rb8
{[%clk 1:18:37]} 18. Rad1 {[%clk 1:13:09]} Bb7 {[%clk 1:18:25]} 19. Bxb7
{[%clk 1:13:33]} Rxb7 {[%clk 1:18:54]} 20. Ke4 {[%clk 1:10:45]} h5
{[%clk 1:17:08]} 21. Rd2 {[%clk 1:08:24]} Rd7 {[%clk 1:15:56]} 22. Rxd7
{[%clk 1:06:00]} Kxd7 {[%clk 1:16:04]} 23. Rd1+ {[%clk 1:06:17]} Ke7
{[%clk 1:16:05]} 24. Kf3 {[%clk 1:06:25]} Nf5 {[%clk 1:16:01]} 25. b3
{[%clk 1:06:40]} f6 {[%clk 1:15:40]} 26. Ke4 {[%clk 1:02:41]} Rg8
{[%clk 1:15:09]} 27. Kf3 {[%clk 0:59:39]} e5 {[%clk 1:11:31]} 28. Rd5
{[%clk 0:57:20]} Ke6 {[%clk 1:11:02]} 29. Nc3 {[%clk 0:56:57]} Nd4+
{[%clk 0:51:16]} 30. Kf2 {[%clk 0:48:23]} h4 {[%clk 0:47:41]} 31. Ne4
{[%clk 0:41:45]} hxg3+ {[%clk 0:47:06]} 32. hxg3 {[%clk 0:42:09]} exf4
{[%clk 0:46:42]} 33. gxf4 {[%clk 0:41:56]} Nf5 {[%clk 0:46:27]} 34. Rd1
{[%clk 0:31:51]} Rh8 {[%clk 0:39:59]} 35. Ng3 {[%clk 0:26:19]} Rh4
{[%clk 0:35:31]} 36. Re1+ {[%clk 0:26:04]} Kd7 {[%clk 0:32:21]} 37. Rd1+
{[%clk 0:25:49]} Nd4 {[%clk 0:31:05]} 38. Ke3 {[%clk 0:17:50]} Rh3
{[%clk 0:30:09]} 39. Rg1 {[%clk 0:16:43]} Ke6 {[%clk 0:18:47]} 40. Kf2
{[%clk 0:14:16]} Rh2+ {[%clk 0:17:47]} 41. Rg2 {[%clk 0:14:01]} Rh4
{[%clk 0:18:10]} 42. Ke3 {[%clk 0:14:15]} Rh3 {[%clk 0:12:06]} 43. Kf2
{[%clk 0:13:24]} a6 {[%clk 0:11:56]} 44. Rg1 {[%clk 0:12:40]} Rh2+
{[%clk 0:12:24]} 45. Rg2 {[%clk 0:13:02]} Rh4 {[%clk 0:12:50]} 46. Ke3
{[%clk 0:13:25]} Rh3 {[%clk 0:13:08]} 47. Ke4 {[%clk 0:11:42]} Rh4
{[%clk 0:09:35]} 48. Ke3 {[%clk 0:11:23]} a5 {[%clk 0:07:24]} 49. Ne4
{[%clk 0:10:08]} Rh3+ {[%clk 0:07:31]} 50. Ng3 {[%clk 0:09:53]} Nf5+
{[%clk 0:07:46]} 51. Kf2 {[%clk 0:08:32]} Nh4 {[%clk 0:07:47]} 52. Rg1
{[%clk 0:08:04]} Rh2+ {[%clk 0:07:49]} 53. Ke3 {[%clk 0:06:05]} Rxa2
{[%clk 0:08:13]} 54. Rh1 {[%clk 0:05:55]} Nf5+ {[%clk 0:08:38]} 55. Nxf5
{[%clk 0:06:11]} Kxf5 {[%clk 0:09:07]} 56. Rd1 {[%clk 0:05:02]} Ra3
{[%clk 0:09:00]} 57. Rd3 {[%clk 0:03:37]} a4 {[%clk 0:09:19]} 58. Kd4 Ke5+ 0-1

[Event "Moscow Open F"]
[Site "?"]
[Date "2017.02.02"]
[Round "7.7"]
[White "Talov, Nikita"]
[Black "Ivlev, Aleksey"]
[Result "1/2-1/2"]
[BlackElo "2259"]
[WhiteElo "2068"]
[LiveChessVersion "1.4.8"]

1. e4 {[%clk 1:30:57]} e5 {[%clk 1:30:57]} 2. Nf3 {[%clk 1:31:22]} Nc6
{[%clk 1:31:26]} 3. Bb5 {[%clk 1:31:44]} a6 {[%clk 1:31:52]} 4. Ba4
{[%clk 1:32:10]} Nf6 {[%clk 1:32:18]} 5. O-O {[%clk 1:32:34]} b5 {[%clk 1:32:46]}
6. Bb3 {[%clk 1:32:59]} Be7 {[%clk 1:33:12]} 7. c3 {[%clk 1:32:17]} Nxe4
{[%clk 1:31:39]} 8. Re1 {[%clk 1:31:38]} d5 {[%clk 1:31:23]} 9. d3
{[%clk 1:31:21]} Nc5 {[%clk 1:23:13]} 10. Nxe5 {[%clk 1:31:33]} Nxe5
{[%clk 1:23:38]} 11. Rxe5 {[%clk 1:31:56]} Nxb3 {[%clk 1:24:02]} 12. Qxb3
{[%clk 1:32:07]} Be6 {[%clk 1:24:07]} 13. Nd2 {[%clk 1:28:39]} O-O
{[%clk 1:23:07]} 14. d4 {[%clk 1:26:16]} Bd6 {[%clk 1:14:04]} 15. Re1
{[%clk 1:26:15]} Qh4 {[%clk 1:09:13]} 16. Nf1 {[%clk 1:15:06]} Rae8
{[%clk 1:08:41]} 17. Bd2 {[%clk 1:09:34]} c5 {[%clk 1:07:03]} 18. Be3
{[%clk 1:00:57]} c4 {[%clk 1:06:20]} 19. Qc2 {[%clk 0:58:09]} f5 {[%clk 1:03:58]}
20. g3 {[%clk 0:56:41]} Qg4 {[%clk 0:58:25]} 21. f4 {[%clk 0:55:50]} Bd7
{[%clk 0:57:20]} 22. Qg2 {[%clk 0:47:47]} Re4 {[%clk 0:44:06]} 23. Nd2
{[%clk 0:47:31]} Qh5 {[%clk 0:42:26]} 24. Qf3 {[%clk 0:32:30]} Qxf3
{[%clk 0:40:47]} 25. Nxf3 {[%clk 0:32:53]} Re7 {[%clk 0:39:22]} 26. Bd2
{[%clk 0:33:07]} Rxe1+ {[%clk 0:36:28]} 27. Nxe1 {[%clk 0:32:40]} Kf7
{[%clk 0:30:21]} 28. Kf2 {[%clk 0:32:42]} Ke7 {[%clk 0:30:44]} 29. Nc2
{[%clk 0:32:51]} a5 {[%clk 0:30:55]} 30. a3 {[%clk 0:30:10]} Kd8 {[%clk 0:30:14]}
31. Ne3 {[%clk 0:29:34]} Bc6 {[%clk 0:29:25]} 32. Re1 {[%clk 0:28:47]} Kc7
{[%clk 0:27:08]} 33. Nc2 {[%clk 0:28:42]} Bd7 {[%clk 0:27:04]} 34. Ne3
{[%clk 0:28:47]} Kc6 {[%clk 0:27:12]} 35. Ra1 {[%clk 0:28:37]} Be8
{[%clk 0:25:46]} 36. Nc2 {[%clk 0:26:02]} Bh5 {[%clk 0:23:21]} 37. Re1
{[%clk 0:25:49]} Ra8 {[%clk 0:22:14]} 38. Ra1 {[%clk 0:26:09]} Re8
{[%clk 0:22:27]} 39. Re1 {[%clk 0:25:58]} Rxe1 {[%clk 0:22:30]} 40. Bxe1
{[%clk 0:25:45]} Kd7 {[%clk 0:19:03]} 41. Ne3 {[%clk 0:25:55]} Ke6
{[%clk 0:19:19]} 42. Bd2 {[%clk 0:25:55]} h6 {[%clk 0:19:39]} 43. h4
{[%clk 0:22:54]} Be7 {[%clk 0:19:42]} 44. Nf1 {[%clk 0:21:11]} Bd1
{[%clk 0:19:19]} 45. Ne3 {[%clk 0:21:32]} Bb3 {[%clk 0:19:17]} 46. Kf3
{[%clk 0:21:33]} Ba2 {[%clk 0:17:39]} 47. Ng2 {[%clk 0:17:31]} Bb1
{[%clk 0:17:33]} 48. Ne1 {[%clk 0:17:36]} Be4+ {[%clk 0:10:06]} 49. Ke3
{[%clk 0:18:05]} g5 {[%clk 0:10:25]} 50. hxg5 {[%clk 0:18:29]} hxg5
{[%clk 0:10:49]} 51. Nf3 {[%clk 0:18:47]} gxf4+ {[%clk 0:10:22]} 52. gxf4
{[%clk 0:19:12]} Bxf3 {[%clk 0:07:48]} 53. Kxf3 {[%clk 0:19:37]} Kf7
{[%clk 0:07:30]} 54. Kg3 {[%clk 0:19:16]} Kg6 {[%clk 0:07:54]} 55. Kh3
{[%clk 0:18:51]} Kh5 {[%clk 0:08:15]} 56. Be1 {[%clk 0:19:15]} Bf6
{[%clk 0:07:30]} 57. Bf2 {[%clk 0:19:33]} Bd8 {[%clk 0:07:12]} 58. Be1
{[%clk 0:19:36]} Be7 {[%clk 0:07:39]} 59. Bf2 {[%clk 0:18:46]} b4
{[%clk 0:06:22]} 60. a4 {[%clk 0:10:02]} b3 {[%clk 0:05:52]} 61. Be3
{[%clk 0:10:18]} Bf8 {[%clk 0:05:05]} 62. Bd2 {[%clk 0:10:28]} Bg7
{[%clk 0:05:28]} 63. Be3 {[%clk 0:10:40]} Bf6 {[%clk 0:05:54]} 64. Bf2
{[%clk 0:10:57]} Be7 {[%clk 0:05:47]} 65. Be3 {[%clk 0:11:20]} Bh4
{[%clk 0:05:39]} 66. Bd2 {[%clk 0:11:32]} Bf6 {[%clk 0:04:18]} 67. Bc1
{[%clk 0:10:53]} Be7 {[%clk 0:03:27]} 1/2-1/2